[Event "St Petersburg Rapid GP"]
[Site "St Petersburg"]
[Date "2024.08.24"]
[Round "3"]
[White "Arikainen, Maksim"]
[Black "Drygalov, Sergey"]
[Result "0-1"]
[WhiteElo "2035"]
[BlackElo "2542"]
[PlyCount "104"]
[EventDate "2024.08.24"]
[EventType "swiss (rapid)"]
[EventRounds "11"]
[EventCountry "RUS"]
[SourceTitle "CBM 221 Extra"]
[Source "ChessBase"]
[SourceDate "2024.09.30"]
[SourceVersion "1"]
[SourceVersionDate "2024.09.30"]
[SourceQuality "1"]

1. e4 c5 2. Nf3 d6 3. d4 cxd4 4. Nxd4 Nf6 5. Nc3 a6 6. f3 e5 7. Nb3 Be6 8. Be3 h5 9. Nd5 Bxd5 10. exd5 Nbd7 11. Qd2 g6 12. 0-0-0 Bg7 13. Kb1 Qc7 14. Na5 0-0 15. h3 h4 16. c4 Rfe8 17. Be2 Nh5 18. Rhe1 Nc5 19. Qb4 b6 20. Nc6 Nf4 21. Bf1 a5 22. Qd2 Qd7 23. Qc2 Bf6 24. Ka1 Kg7 25. Kb1 Nh5 26. Bd3 Ng3 27. Be4 Kg8 28. Bf2 Bg7 29. Qd2 f5 30. Bc2 Qf7 31. Qg5 Qf6 32. Qxf6 Bxf6 33. b3 Kg7 34. a3 Nh5 35. Be3 Ng3 36. Bf2 Nh5 37. Be3 Kf7 38. Rd2 Ng3 39. Bf2 e4 40. Bxg3 hxg3 41. fxe4 Bc3 42. Rde2 Bxe1 43. Rxe1 Nxe4 44. Kb2 Nc5 45. Rf1 Re2 46. Kc3 Rae8 47. b4 R8e3+ 48. Kb2 axb4 49. axb4 Na4+ 50. Kb1 Nc3+ 51. Kc1 Rxg2 52. c5 Rf2 0-1

[Event "St Petersburg Korchnoi Memorial op"]
[Site "St Petersburg"]
[Date "2024.08.20"]
[Round "7"]
[White "Shimanskaia, Tatiana"]
[Black "Arikainen, Maksim"]
[Result "1/2-1/2"]
[WhiteElo "1760"]
[BlackElo "2035"]
[PlyCount "154"]
[EventDate "2024.08.17"]
[EventType "swiss"]
[EventRounds "9"]
[EventCountry "RUS"]
[SourceTitle "EXT 2025"]
[Source "ChessBase"]
[SourceDate "2024.10.14"]
[SourceVersion "1"]
[SourceVersionDate "2024.10.14"]
[SourceQuality "1"]

1. e4 c5 2. Nf3 e6 3. d4 cxd4 4. Nxd4 Nf6 5. Nc3 Nc6 6. Nxc6 bxc6 7. e5 Nd5 8. Ne4 Bb7 9. c4 Nb4 10. c5 Qb8 11. f4 Ba6 12. Be2 Bxe2 13. Qxe2 Nd5 14. 0-0 Qb4 15. Kh1 Be7 16. a3 Qb8 17. Be3 0-0 18. Bd4 f5 19. exf6 Nxf6 20. Nxf6+ Bxf6 21. Rad1 Qc7 22. Bxf6 Rxf6 23. Rd6 Raf8 24. Qd2 R8f7 25. g3 Rf5 26. Rd1 Rd5 27. Qe3 Rff5 28. b4 Qb7 29. g4 Rxd1+ 30. Rxd1 Rd5 31. Re1 Qc8 32. f5 exf5 33. gxf5 Rxf5 34. Qe8+ Qxe8 35. Rxe8+ Rf8 36. Re7 Rd8 37. Kg2 Kf8 38. Re4 d6 39. cxd6 Rxd6 40. a4 Kf7 41. b5 Kf6 42. Rc4 Rd2+ 43. Kg3 cxb5 44. axb5 Rd3+ 45. Kg2 Ra3 46. Rc6+ Kg5 47. Rc7 Kg6 48. Rc6+ Kh5 49. Rc7 Ra4 50. Kg3 Ra3+ 51. Kg2 Kh6 52. Rc6+ g6 53. b6 axb6 54. Rxb6 Kh5 55. Rb4 g5 56. h3 Rc3 57. Rb7 h6 58. Rb6 Ra3 59. Rc6 Ra8 60. Kg3 Rg8 61. Ra6 Rg6 62. Rxg6 Kxg6 63. h4 Kf5 64. hxg5 hxg5 65. Kf3 g4+ 66. Kg3 Kg5 67. Kg2 Kf4 68. Kf2 g3+ 69. Kg2 Kg4 70. Kg1 Kf3 71. Kf1 Ke3 72. Kg2 Kf4 73. Kg1 Kg5 74. Kg2 Kg4 75. Kg1 Kf3 76. Kf1 g2+ 77. Kg1 Kg3 1/2-1/2

[Event "St Petersburg Korchnoi Memorial op"]
[Site "St Petersburg"]
[Date "2024.08.17"]
[Round "1"]
[White "Kirichek, Viktor"]
[Black "Arikainen, Maksim"]
[Result "0-1"]
[WhiteElo "1689"]
[BlackElo "2035"]
[PlyCount "68"]
[EventDate "2024.08.17"]
[EventType "swiss"]
[EventRounds "9"]
[EventCountry "RUS"]
[SourceTitle "CBM 221 Extra"]
[Source "ChessBase"]
[SourceDate "2024.09.30"]
[SourceVersion "1"]
[SourceVersionDate "2024.09.30"]
[SourceQuality "1"]

1. d4 Nf6 2. c4 e6 3. Nc3 d5 4. cxd5 exd5 5. Bg5 Be7 6. e3 0-0 7. Bd3 h6 8. Bf4 c5 9. Nf3 Nc6 10. 0-0 Bg4 11. Be5 Qd7 12. h3 Bh5 13. Bxf6 Bxf6 14. dxc5 Rfd8 15. g4 d4 16. Ne4 dxe3 17. Nd6 exf2+ 18. Rxf2 Bg6 19. Bxg6 fxg6 20. Qb3+ Kh7 21. g5 Nd4 22. Qxb7 Nxf3+ 23. Rxf3 Bd4+ 24. Kh1 Bxc5 25. Qxd7 Rxd7 26. Ne4 Be7 27. gxh6 Kxh6 28. Re1 Bh4 29. Rc1 Re8 30. Nc3 Rd2 31. b3 Bf6 32. a3 Rc8 33. b4 Rb2 34. Kg1 Rb3 0-1

[Event "St Petersburg Korchnoi Memorial op"]
[Site "St Petersburg"]
[Date "2023.08.23"]
[Round "8"]
[White "Volkov, Sergey"]
[Black "Arikainen, Maksim"]
[Result "1-0"]
[WhiteElo "2464"]
[BlackElo "1861"]
[PlyCount "75"]
[EventDate "2023.08.18"]
[EventType "swiss"]
[EventRounds "9"]
[EventCountry "RUS"]
[SourceTitle "CBM 216 Extra"]
[Source "ChessBase"]
[SourceDate "2023.11.30"]
[SourceVersion "1"]
[SourceVersionDate "2023.11.30"]
[SourceQuality "1"]

1. d4 Nf6 2. c4 e6 3. Nc3 d5 4. Bg5 Be7 5. e3 0-0 6. Nf3 h6 7. Bxf6 Bxf6 8. Rc1 dxc4 9. Bxc4 Nd7 10. Ne4 Be7 11. 0-0 c5 12. d5 exd5 13. Qxd5 Nf6 14. Qe5 Nxe4 15. Qxe4 Bf6 16. Rfd1 Qb6 17. Ne5 Be6 18. Nd7 Bxd7 19. Rxd7 Qxb2 20. Rb1 Qc3 21. Bxf7+ Kh8 22. Rdxb7 a5 23. g3 Rac8 24. Bb3 Qe5 25. Qg4 Qg5 26. Qc4 Qe5 27. Bc2 Rcd8 28. Rf7 Rfe8 29. Ra7 Qc3 30. Bb3 Rd2 31. Rc1 Qb2 32. Rf1 Bg5 33. Qf7 Red8 34. Qf3 Qc3 35. Qe4 Rf8 36. Rf7 Rxf7 37. Qe8+ Kh7 38. Bxf7 1-0

[Event "St Petersburg Korchnoi Memorial op"]
[Site "St Petersburg"]
[Date "2023.08.21"]
[Round "6"]
[White "Pesotskiy, Mikhail"]
[Black "Arikainen, Maksim"]
[Result "0-1"]
[WhiteElo "2140"]
[BlackElo "1861"]
[PlyCount "38"]
[EventDate "2023.08.18"]
[EventType "swiss"]
[EventRounds "9"]
[EventCountry "RUS"]
[SourceTitle "CBM 216 Extra"]
[Source "ChessBase"]
[SourceDate "2023.11.30"]
[SourceVersion "1"]
[SourceVersionDate "2023.11.30"]
[SourceQuality "1"]

1. c4 e6 2. Nc3 d5 3. d4 Nf6 4. cxd5 exd5 5. Bg5 Be7 6. e3 0-0 7. Bd3 h6 8. Bh4 c6 9. Qc2 Re8 10. Nge2 Nbd7 11. 0-0 Nh5 12. Bxe7 Qxe7 13. Rab1 a6 14. a3 Nhf6 15. Ng3 b5 16. e4 dxe4 17. Ncxe4 Nxe4 18. Nxe4 Bb7 19. Rbc1 a5 0-1